00685nam a2200205 a 450000100100000000500170001000800410002704000250006808200150009310000270010824000390013524500870017426000480026130000170030949000300032650000460035665000170040270000300041983000300044900003544020240510073817.0111031s19591962ag 000 0 spa d aDO-SdBNPbspacBNPHU a100bH587t1 aHessen, Johannesb188910aLehrbuch der philosphielespañol10aTratado de filosofía /cJohannes Hessen ; traducción Lucía Piossek Prebisch. aBuenos Aires :bSudaméricana,c1959-1962. av. ;c21 cm.1 aBiblioteca de filosofía aLa biblioteca posee los volúmenes 2 y 3 0aFilosofía 12aPrebisch, Lucía Piossek 0aBiblioteca de filosofía